Neurológia pre prax abstrakty Suplement

Bibliographic Details
Format: Journal
Language:Slovak
Published: Bratislava Solen, s.r.o. 2006-
ISSN:1337-4451
Subjects:

MARC

LEADER 00000cas a2200000 a 4500
001 vtls010304843
003 SK-MaSNL
005 20260505093846.0
008 110822c20069999xo x p 0 b0slo
022 |a 1337-4451 
040 |a SVKBB  |b slo  |c SVKBB  |d SNK  |e AACR2 
041 0 |a slo 
044 |a xo  |c SK 
072 7 |a 616  |x Patológia. Klinická medicína  |2 konspekt 
080 |a 616.8  |2 2011 
080 |a 050  |2 2011 
080 |a (051)-027.561  |2 2011 
210 0 |a Neurol. prax, Supl. 
222 0 |a Neurológia pre prax. Suplement 
245 0 0 |a Neurológia pre prax  |p Suplement  |b abstrakty 
246 1 2 |a Medzinárodná klasifkácia chorôb 6. kapitola  |f 3/2012 
246 1 2 |a Choroby nervového systému  |f 3/2012 
246 1 2 |a 46. Slovensko-české dni detskej neurológie  |f 3/2012 
246 1 2 |a 22. Bratislavské postgraduálne dni detskej neurológie  |f 3/2012 
246 1 2 |a 25. slovenský a český epileptologický zjazd  |f 4/2012 
246 1 2 |a Sympózium praktickej neurológie  |f 2/2012 
246 1 2 |a Hnacia sila progresie sclerosis multiplex  |f 2/2021 
246 1 2 |a Slovenský a český XIV. Neuromuskulárny kongres s medzinárodnou účasťou  |f 3/2021 
246 1 2 |a Sympózium praktickej neurológie Neurológia pre prax 15. ročník  |f 4/2021 
246 1 2 |a 31. Bratislavské postgraduálne dni detskej neurológie  |f 1/2022 
246 1 2 |a Sympózium praktickej neurológie Neurológia pre prax 16. ročník  |f 2/2022 
260 |a Bratislava  |b Solen, s.r.o.  |c 2006- 
310 |a Vychádza nepravidelne 
362 0 |a 2006- 
500 |a Časopis je indexovaný v Bibliographia Medica Slovaca (BMS). Citácie sú spracované v CiBaMed. 
500 |a Citačná skratka: Neurol. Prax. Supl. 
500 |a Na obálke časopisu je uvedený názov, ročník, miesto a dátum konania kongresu 
500 |a Registračné č.: MK SR: EV 3577/09 
500 |a Online vydanie - ISSN 2729-773X 
525 |a Príloha k časopisu: Neurológia pre prax = ISSN 1335-9592 
550 |a Spracovala spoločnosť SOLEN, vydavateľ časoppisu Neurológia pre prax 
650 0 7 |a neurológia  |2 SNKPH  |9 908 
650 0 7 |a Neurology  |2 SNKPHeng  |9 267633 
655 7 |a odborné časopisy  |2 SNKPH  |9 70505 
655 7 |a Professional journals  |2 SNKPHeng  |9 265007 
772 0 |t Neurológia pre prax  |x 1335-9592  |w vtls001470766 
852 |a Štátna vedecká knižnica v Banskej Bystrici 
910 |a snk 
916 |a 2015-2016, 2017, 2018-2019, 2021 
999 |c 11063  |d 12993 
952 |t supl. 1-4  |a SNK  |b SNK  |y PREZ  |7 0  |p 17A1521927  |o snkČSB 5677/A/20/2019 D1  |i snk2023/15805  |8 0  |0 0  |1 0  |4 0  |d 2023-11-03  |l 0  |r 2026-02-21 19:48:27  |w 2026-02-21 
952 |t supl. 1-4, neúplné  |a SNK  |b SNK  |y PREZ  |7 0  |p 17A1521928  |o snkČSB 5677/A/22/2021 D1  |i snk2023/15807  |8 0  |z Chýba č. 1, 2, 4  |0 0  |1 0  |4 0  |d 2023-11-03  |l 0  |r 2026-02-21 19:48:27  |w 2026-02-21 
952 |t supl. 1  |a SNK  |b SNK  |y PREZ  |7 0  |p 17A1521929  |o snkČSB 5677/A/21/2020  |i snk2023/15809  |8 0  |0 0  |1 0  |4 0  |d 2023-11-03  |l 0  |r 2026-02-21 19:48:27  |w 2026-02-21 
952 |t supl. 1-2  |a SNK  |b SNK  |y PREZ  |7 0  |p 17A1521930  |o snkČSB 5677/A/23/2022  |i snk2023/15810  |8 0  |0 0  |1 0  |4 0  |d 2023-11-03  |l 0  |r 2026-02-21 19:48:27  |w 2026-02-21 
952 |t supl. 1-4, neúplné  |a SNK  |b SNK  |y PREZ  |7 0  |p 17A1463473  |o snkČSB 5677/A/22/2021  |i snk2022/10504  |8 0  |z Chýba č. 1  |f 1  |0 0  |1 0  |4 0  |d 2022-06-24  |l 0  |r 2026-02-21 20:01:13  |w 2026-02-21 
952 |t supl. 1-2  |a SNK  |b SNK  |y PREZ  |7 3  |p 17A1558838  |o snkČSB 5677/A/23/2022 D1  |i snk2026/1946  |8 0  |0 0  |1 0  |4 0  |d 2026-02-05  |l 0  |r 2026-02-21 20:04:07  |w 2026-02-21 
952 |t supl. 1, 4  |a SNK  |b SNK  |y PREZ  |7 0  |p 17A1267514  |o snkČSB 5677/A/16/2015 D1  |i snk2018/3346  |8 0  |0 0  |1 0  |4 0  |d 2018-02-06  |l 0  |r 2026-02-21 21:47:43  |w 2026-02-21 
952 |t supl. 1-2  |a SNK  |b SNK  |y PREZ  |7 0  |p 17A1267513  |o snkČSB 5677/A/17/2016  |i snk2018/3347  |8 0  |f 1  |0 0  |1 0  |4 0  |d 2018-02-06  |l 0  |r 2026-02-21 21:47:43  |w 2026-02-21 
952 |t supl. 1-2, neúplné  |a SNK  |b SNK  |y PREZ  |7 0  |p 17A1367169  |o snkČSB 5677/A/17/2016 D1  |i snk2019/12342  |8 0  |z Chýba supl. 1  |0 0  |1 0  |4 0  |d 2019-05-02  |l 0  |r 2026-02-21 21:59:22  |w 2026-02-21 
952 |t supl. 1-3  |a SNK  |b SNK  |y PREZ  |7 0  |p 17A1367168  |o snkČSB 5677/A/18/2017  |i snk2019/12344  |8 0  |f 1  |0 0  |1 0  |4 0  |d 2019-05-02  |l 0  |r 2026-02-21 21:59:24  |w 2026-02-21 
952 |t supl. 1-4  |a SNK  |b SNK  |y PREZ  |7 0  |p 17A1387958  |o snkČSB 5677/A/19/2018  |i snk2020/8456  |8 0  |z S4 - 2x ;   |f 1  |0 0  |1 0  |4 0  |d 2020-05-26  |l 0  |r 2026-02-21 22:00:44  |w 2026-02-21 
952 |t supl. 1-4  |a SNK  |b SNK  |y PREZ  |7 0  |p 17A1387957  |o snkČSB 5677/A/20/2019  |i snk2020/8457  |8 0  |f 1  |0 0  |1 0  |4 0  |d 2020-05-26  |l 0  |r 2026-02-21 22:00:44  |w 2026-02-21 
952 |t supl. 1-3  |a SNK  |b SNK  |y PREZ  |7 0  |p 17A1387956  |o snkČSB 5677/A/18/2017 D1  |i snk2020/8458  |8 0  |0 0  |1 0  |4 0  |d 2020-05-26  |l 0  |r 2026-02-21 22:00:44  |w 2026-02-21 
952 |t supl. 1-4, neúplné  |a SNK  |b SNK  |y PREZ  |7 0  |p 17A1387955  |o snkČSB 5677/A/19/2018 D1  |i snk2020/8459  |8 0  |z S4 - 2x ; Chýba S2,S3  |0 0  |1 0  |4 0  |d 2020-05-26  |l 0  |r 2026-02-21 22:00:44  |w 2026-02-21 
952 |t supl. 1, 4  |a SNK  |b SNK  |y PREZ  |7 0  |p 17A1267399  |o snkČSB 5677/A/16/2015  |i snk2018/1328  |8 0  |f 1  |0 0  |1 0  |4 0  |d 2018-01-18  |l 0  |r 2026-02-21 22:26:04  |w 2026-02-21